00228nam a2200085 4500082001400000100003200014245004200046260004200088300001200130 a954.91MUS aBareecho, Mushtaque Masroor aMutalae- Pakistan (Pak Study in Urdu) aHyderabad:bNaseem Book Depot,c2002. a335p. ;